000 00744nam a2200205Ia 4500
003 GCL
008 140319s9999 xx 000 0 ara d
040 _aGCL /
_cGCL
082 0 4 _aم
_b922.63
_bى ع
100 1 _aيوسف زيدان
245 1 0 _aعبدالكريم الجبلى فيلسوف الصوفية /
_cيوسف زيدان
700 1 _aالجيلى , قطب الدين عبدالكريم
260 _a[S.N] :
_bالهيئة المصرية العامة للكتاب ،
_c1988
300 _a266 ص
490 _aالدراسات الخاصة
_v0
650 0 4 _aالفلسفة الاسلامية
650 0 4 _aالتصوف الاسلامى
650 0 4 _aالجيلى, قطب الدين عبد الكريم ب
942 _2ddc
_cREF
999 _c59449
_d59449